000 nam a22 7a 4500
999 _c44596
_d44596
003 OSt
005 20181123150251.0
008 181123b xxu||||| |||| 00| 0 eng d
040 _cIIMT ENGINEERING COLLEGE,GREATER NOIDA
100 _aGUPTA,S.P.
245 _aSATISTICAL METHODS
260 _aN.DELHI
_bSULTAN CHAND
_c2006
300 _a1468
942 _2ddc
_c01